|
|
|
|
| LEADER |
00000cam a2200000 7i4500 |
| 001 |
0000026292 |
| 005 |
20151008.0 |
| 008 |
150708 my a may |
| 040 |
|
|
|a INS
|
| 090 |
0 |
0 |
|a VO283
|
| 110 |
1 |
|
|a Kursus penilaian loji, jentera dan peralatan : Loji penapisan minyak kelapa sawit ,
|d 2014 16 - 20 Jun
|c INSPEN, Bangi
|
| 245 |
0 |
0 |
|a Kursus penilaian loji, jentera dan peralatan : Loji penapisan minyak kelapa sawit :
|b 16 - 20 Jun 2014
|c Anjuran Pusat Penilaian dan Perkhidmatan Harta, INSPEN
|
| 260 |
|
|
|a Bangi :
|b Institut Penilaian Negara ,
|c 2014
|
| 300 |
|
|
|a 1 v. (Mukasurat pelbagai ) :
|b ill., pic., col. ;
|c 30 cm.
|
| 650 |
|
0 |
|a Machanery
|x Valuation
|
| 710 |
1 |
|
|a INSPEN (Institut Penilaian Negara )
|
| 856 |
|
|
|u http://app.inspen.gov.my:7779/pls/portal/docs/PAGE/CORPORATEPAGES/PORTAL_INSPEN/NOTA_KURSUS/VO/LOJI%20PENAPISAN%20MINYAK%20KELAPA%20SAWIT.PDF
|
| 999 |
|
|
|a VO00000765
|b BOOK
|c Course Notes
|e Default branch
|
| 999 |
|
|
|a VO00000766
|b BOOK
|c Course Notes
|e Default branch
|
| 999 |
|
|
|a VO00000767
|b BOOK
|c Course Notes
|e Default branch
|